Những nhà thơ Bungari

Giới thiệu một số nhà thơ Bungari và tác phẩm của họ: Cristô Bôtép (1848-1876); Ivan Vazôp (1850-1921); Pensô Xlavâykốp (1866-1912); Xiri Kritôp (1875-1944)

שמור ב:
מידע ביבליוגרפי
מחברים אחרים: Vazôv, Ivan (Tác giả), Xuân Diệu (Dịch), Yavorov, Peio (Tác giả), Slaveikov, Pentcho (Tác giả), Christov, Cyrille (Tác giả), Boajiev, Dimiter (Tác giả)
פורמט: ספר
יצא לאור: H. Văn học 1985
Bungari Quốc gia
סדרה:Văn học hiện đại nước ngoài. Văn học Bungari
נושאים:
תגים: הוספת תג
אין תגיות, היה/י הראשונ/ה לתייג את הרשומה!
Thư viện lưu trữ: Mạng thư viện Đại học Đà Nẵng
LEADER 01598nam a22004338a 4500
001 000014579
003 10949
005 20120508090514.0
008 120508s1985 b 000 0 od
020 |d 30000b 
082 |a 891.81  |b Như 
084 |a V6(4Bu)0-5 
245 1 0 |a Những nhà thơ Bungari  |c Christo Botev, Ivan Vazôv, Pentcho Slaveikov,...; Xuân Diệu dịch 
260 |a H. 
260 |a Bungari  |b Văn học 
260 |b Quốc gia  |c 1985 
300 |a 363tr  |c 21cm 
490 |a Văn học hiện đại nước ngoài. Văn học Bungari 
520 |a Giới thiệu một số nhà thơ Bungari và tác phẩm của họ: Cristô Bôtép (1848-1876); Ivan Vazôp (1850-1921); Pensô Xlavâykốp (1866-1912); Xiri Kritôp (1875-1944) 
653 |a Nghiên cứu văn học 
653 |a Bungari 
653 |a Văn học hiện đại 
653 |a Thơ 
700 1 |a Vazôv, Ivan  |e Tác giả 
700 1 |a Xuân Diệu  |e Dịch 
700 1 |a Yavorov, Peio  |e Tác giả 
700 1 |a Slaveikov, Pentcho  |e Tác giả 
700 1 |a Christov, Cyrille  |e Tác giả 
700 1 |a Boajiev, Dimiter  |e Tác giả 
OWN |a LSP 
AVA |a UDN50  |b LSP  |d 891.81 Như  |e available  |t Error 5001 Not defined in file expand_doc_bib_avail.  |f 2  |g 0  |h N  |i 0  |k 1 
999 |a From the UDN01 
AVA |a UDN50  |b LSP  |d 891.81 Như  |e available  |t Error 5001 Not defined in file expand_doc_bib_avail.  |f 2  |g 0  |h N  |i 0  |k 1 
TYP |a Monograph 
TYP |a Printed language 
980 |a Mạng thư viện Đại học Đà Nẵng